000 00239nam a2200097Ia 4500
008 240331s9999 xx 000 0 und d
082 _bENC
100 _aBarnard, A. e
245 0 _aEncyclopedia of social and cultural anthropology
942 _cL
999 _c3256
_d3256